000 00215nam a2200097Ia 4500
005 20251222114415.0
008 251222s1900||||xx |||||||||||||| ||spa||
082 _aDVD0010/P48/2004
245 0 _aTroya:Troy
942 _cDVD
999 _c2184
_d2184